00888nam a2200265Ia 4500003000400000005001700004006001800021007000300039008004100042024001000083037001100093040001800104041001300122100002400135110009500159245010700254260000900361650002100370700003600391700003500427700003400462700009500496942001200591999001900603OSt20220930084751.0a|||||r|||| 00| 0ta220926b |||||||| |||| 00| 0 eng d a86027 cTheses aCRLcCRLbeng 2engaeng aGrag Prerna9538409 aUniversity of Delhi. Faculty of Medical Sciences. Department of Obstetrics and Gynaecology 0aChanges in genital tract organs in postmenopausal women being treated with tamoxifen for breast cancer c2005 aWOMEN - DISEASES a Dr. Bharti Minocha Gu.9538410 a Dr. K. T. Bhowmik Gu.9537498 a Dr. Rupali Dewan Gu.9538411 aUniversity of Delhi. Faculty of Medical Sciences. Department of Obstetrics and Gynaecology cDIS2CC c877738d877738